| 000 | 00791 a2200181 4500 | ||
|---|---|---|---|
| 003 | Nust | ||
| 005 | 20221221104633.0 | ||
| 040 | _cNust | ||
| 082 | _a621.384,ZEL | ||
| 100 |
_aZeluff, Vin _9105458 |
||
| 245 |
_aElectronics manual for radio engineers / _cVin Zeluff and John Markus |
||
| 260 |
_aLondon _bMcGraw-Hill _c1949 |
||
| 300 | _a880 p. | ||
| 505 | _aAntennas (Page-1), Audio (Page-49), Circuit Theory (Page-125), Components (Page-221), D-C Amplifiers (Page-251), Filters (Page-289), Ionosphere (Page-321), Measurements (Page-354), Microwaves (Page-447), Power Supplies (Page-524), Production (Page-550), Receivers (Page-590), Television (Page-673), Transmission Lines (Page-748), Transmitters (Page-764). | ||
| 650 | _aRadio | ||
| 700 |
_aMarkus, John _956565 |
||
| 942 |
_2ddc _cBK |
||
| 999 |
_c183053 _d183053 |
||